000 01288nam a2200313 a 4500
003 BLK
005 20250505143900.0
007 ta
008 180409b bul|||||r ||||||| ||bul||
020 _a9786199251713
040 _aBLK
041 _aBUL
_cBUL
080 _aИзобретения и открития. Изобретателство. Рационализации. Патенти. Промишлени образци. Вж и 347.77
_b001.894
_z001.894
_9231605
245 1 0 _aОткрития и изобретения
_bоткрития и изобретения, които променят света
_cпрев. Милена Иванова
257 _aBGR
260 _aСофия
_bNoble Star Books
_c2023
_9488588
300 _a45 с.
_bс цв. ил.
_c29 см
380 _aDN
490 _aЧудесата на познанието
_9491344
650 0 _aНаучни открития
_9259368
650 0 _aДетска и юношеска литература
_9243025
700 _9245909
_aИванова, Милена Валентинова
852 _bД
_cДН 0/О-91
856 4 _qpdf
_i0.00
_ldisable
856 4 _qpdf
_i0.00
_ldisable
942 _cKNG
_n0
_03
944 _cКети Илиева
_k30543
_lИва Цветкова
999 _c521529
_d521529